| 000 | 01268nac a22003371i 4500 | ||
|---|---|---|---|
| 003 | EG-ScBUE | ||
| 005 | 20240625103106.0 | ||
| 008 | 240625t2004 nyua f b 001 0beng d | ||
| 020 | _a031228683X | ||
| 020 | _a9780312286835 | ||
| 040 |
_aEG-ScBUE _beng _erda _cEG-ScBUE _dEG-ScBUE |
||
| 043 | _af-ua--- | ||
| 082 | 0 | 4 |
_a962.053092 _bABU _222 |
| 100 | 1 |
_aAburish, Saïd K., _d1935-2012, _eauthor. |
|
| 245 | 1 | 0 |
_aNasser : _bthe last Arab / _cSaid K. Aburish |
| 264 | 1 |
_aNew York : _bSt. Martin's Press/Thomas Dunne Books, _c[2004] |
|
| 264 | 4 | _cc2004 | |
| 300 |
_ax, 355 pages : _billustrations ; _c25 cm |
||
| 336 |
_2rdacontent _atext _btxt |
||
| 337 |
_aunmediated _2rdamedia _bn |
||
| 338 |
_avolume _bnc _2rdacarrier |
||
| 504 | _aIncludes bibliographical references and index. | ||
| 600 | 1 | 7 |
_aNasser, Gamal Abdel, _d1918-1970. _2BUEsh |
| 650 | 7 |
_aPresidents _zEgypt _vBiography. _2BUEsh |
|
| 650 | 7 |
_aArab nationalism. _2BUEsh |
|
| 651 | 7 |
_aEgypt _xPolitics and government _y1952-1970. _2BUEsh |
|
| 655 | _vReading book | ||
| 856 | 4 | 2 |
_3Contributor biographical information _uhttp://www.loc.gov/catdir/bios/hol053/2003058541.html |
| 856 | 4 | 2 |
_3Publisher description _uhttp://www.loc.gov/catdir/description/hol052/2003058541.html |
| 942 |
_cBB _2ddc |
||
| 999 |
_c7132 _d7132 |
||